000 00608nam a2200241Ia 4500
003 OSt
005 20221005123545.0
006 a|||||r|||| 00| 0
007 ta
008 221004b |||||||| |||| 00| 0 eng d
024 _a67688
037 _cTextual
040 _aCRL
_cCRL
_beng
041 _2eng
_aeng
082 _aV65:26:N5, J6
100 _aWraith Ronald E.
_911278
245 0 _aLocal government
260 _c1956
490 _aPenguin West African series, WA 1.
650 _aHISTORY
942 _hV65:26:N5, J6
_cTEXL
_2cc
999 _c1047769
_d1047769